000 005690000a22002650004500
005 20120302061916.0
942 _cBOOK
245 _a Worlds Great Speeches
260 _aMumbai:Jeet Pub.,
300 _a7,319p.
040 _aENG
650 _aGeneral
650 _aHistory
650 _aSpeeches
650 _aWorld Speeches
650 _aPolitical
650 _aReligion
650 _aPetrotism
650 _aArt
650 _aPhilosophy
650 _aInternationals Affairs
650 _aPeace
650 _aMcmory
650 _aGeneral Speeches
999 _c355237
_d355234